1320 1784 1144 1860 1172 1663 1371 1843 1769 1217 1993 1065 1117 1275 1768 1174 1374 1821 1289 1068 1658 1744 1006 1319 1710 1979 1804 1245 1190 1426 1029 1045 1559 1923 1547 1308 1722 1233 1639 1503 1087 1052 1525 1813 1819 1674 1838 1253 1585 1244 1166 1336 1605 1617 1121 1594 1602 1100 1944 1843 1150 1611 1234 1385 1039 1953 1182 1093 1859 1031 1831 1188 1271 1558 1201 1976 1917 1340 1450 1971 1354 1695 1212 1323 1499 1050 1981 1761 1528 1465 1720 1080 1027 1787 1144 1966 1681 1034 1448 BCNSPRNW ULIB Ver.6.0+V

เปลี่ยนเป็นภาษาไทย

Change to English
 แสดงรายละเอียดบรรณานุกรม
  กลับหน้าหลัก

Brief Record : Get Marc (ISO 2709) : E-mail record : QR code < ปิดหน้าต่าง
LEADER : 00000nam a2200000Ia 4500
001    13399125547
003     ULIB
008    160728s2559 th a 000 0 tha d
020    ^a9786164030121
040    ^abrv
041 0  ^atha^heng
060 04 ^aWT104^bฟ651ต
100 1  ^aเฟอร์แมน, โจเอล
245 10 ^aโตไป--ไกลโรค =^bDisease-proof your child /^cผู้เขียน โจเอลเฟอร์แมน ; ผู้แปลและเรียบเรียง สุธีรา เอื้อไพโรจน์กิจ
246 30 ^aโตไป...ไกลโรค
246 31 ^aDisease-proof your child
250    ^aพิมพ์ครั้งที่ 1
260    ^aกรุงเทพฯ :^bฟรีมายด์,^c2559
300    ^a316 หน้า :^bภาพประกอบ ;^c21 ซม.
650  4 ^aการดูแลสุขภาพ
650  4 ^aโภชนาการ
650  4 ^aเด็ก^xโภชนาการ
650  4 ^aเด็ก^xสุขภาพและอนามัย
650  4 ^aสุขภาพ
650  4 ^aสุขภาพและอนามัย
700 0  ^aสุธีรา เอื้อไพโรจน์กิจ,^eผู้แปล
945    ^p295^l0^i25225
995    ^aกัณชพร
999    ^aกัณชพร
รายการนี้ยังไม่มีแท็ก
คุณยังไม่ได้ล็อกอิน คุณสามารถมีกิจกรรมร่วมกับเว็บไซต์ได้ แต่ต้องล็อกอินก่อน ::
  ล็อกอิน

รายการสื่อสารสนเทศ

ลำดับที่ ประเภท เลขเรียก/บาร์โค้ด สถานที่ สถานะ
1. หนังสือสำรอง
หนังสือสำรอง
WT104 ฟ651ต ฉ.1 
  Barcode: 25225
ห้องสมุดวิทยาเขตนครสวรรค์
►หนังสือทั่วไป:l:General Books
บนชั้น

รายการใกล้เคียง
    ผู้แต่ง [เฟอร์แมน, โจเอล]

    หัวเรื่อง [การดูแลสุขภาพ]
    หัวเรื่อง [โภชนาการ]
    หัวเรื่อง [สุขภาพ]
    หัวเรื่อง [สุขภาพและอนามัย]

BibComment


ยังไม่เคยถูกคอมเมนท์

คอมเมนท์ทรัพยากรรายการนี้
  คอมเมนท์: โตไปไกลโรค Dise..


 Copyright 2026. Bcnsprnw @Library